Дело о службе состоящего при Санкт-Петербургском театре уволенного музыканта-контрабасиста пенсионера Филимона Филимонова

Доступно только в Электронных читальных залах Найти на картеНа карте
RUSMARC
00003645nmc2a22000003x 450
001ef724ead-d1e6-44c0-9450-c2ab2e8a0542
00520181004210818.0
100##$a20161214l18151857k l0rusy0189 ca
1010#$arus
102##$aRU
2001#$aДело о службе состоящего при Санкт-Петербургском театре уволенного музыканта-контрабасиста пенсионера Филимона Филимонова
$j5 июня 1815 г. - 21 мая 1857 г.
251##$cДело
300##$aДело
801#0$aRU
$bРГИА
$c20161214
$gRCR
801#1$aRU
$bГлавНИВЦ
$c20161214
$2rusmarc
801#2$aRU
$bПБ им. Б.Н. Ельцина
$c20181004
$gRCR
$2rusmarc
850##$aРГИА
852##$aРГИА
$eФедеральное казенное учреждение "Российский государственный исторический архив" (РГИА)
$j1377
937##$hРГИА
$d12236191
$aASBIBLIO_SCAN
462#0$1001dd3991dc-24e1-42ec-8838-ca4255420416
$12001
$a1746-1850 гг.
$1251
$cОпись
$1852
$j1
461#0$10019264ebf8-de62-4f1a-9eb4-9f22098dbbd5
$12001
$aДирекция императорских театров МИДв
$1251
$cФонд
$1852
$j497
215##$a58 л.
$d36,5х26 см
371##$aДокумент не является опубликованным и широко распространяемым
105##$ay###
1222#$ad
035##$aef724ead-d1e6-44c0-9450-c2ab2e8a0542
856##$uhttp://readingroom.main.prlib.ru/item.aspx?id_node=n118902994&mode=full
Формат отображения